00622nam a2200193Ia 4500008004100000020001400041082001700055100002800072245006400100250000800164260003700172300003000209500001900239600002000258650002000278942000700298952010800305999001500413240925s9999 xx 000 0 und d a205150241 a370.1934 BEN aBennett ,Christine I. 0aComprehensive Multicultural Education: theory and practice  a3rd aBoston:bAllyn and Baconc,1995. axviii,298p.bNAfOriginal aIncludes Index aSocial Sciences aSocial Sciences cBK 001040708SSaUITUbUITUd2000-08-16eNAl0o370.1934 BENpQ2940r2024-09-25 07:12:58w2024-09-25yBK c5439d5439